Statistics for FC Barcelona Knowledge Quiz

Click here to take the quiz!

General Stats

  • This quiz has been taken 570 times
  • The average score is 9 of 15

Answer Stats

HintAnswer% Correct
Stadium where Barcelona play atCamp Nou
96%
This Player from Barcelona is often regarded as "The Best in the World" or "The Little Magician"Lionel Messi
93%
This Team is Regarded as The Biggest Rival of Barcelona, when Barcelona and this team play, It's regarded as "El Clasico"Real Madrid
87%
Year of Formation1899
77%
Academy Name for Trainees in BarcelonaLa Masia
73%
Manager of Barcelona from 2009-2012Pep Guardiola
70%
Abbreviation/Nickname of BarcelonaBarca
69%
Barcelonas Home Kit ColorsRed and Blue
69%
Which Player of FC Barcelona has the Most Appearances for the ClubXavi
67%
The Year which Barcelona won their first Champions League1992
65%
Year in which Barcelona won The Treble for the 2nd Time2015
58%
Current Club President of FC BarcelonaJosep Bartomeu
51%
Team which Beat FC Barcelona in 1994 Champions League FinalAc Milan
45%
The First Club President of FC BarcelonaWalter Wild
4%
FC Barcelona Stadium from 1900-1957Camp De Les Corts
2%

Score Distribution

Percentile by Number Answered

Percent of People with Each Score

Your Score History

You have not taken this quiz